000
00291nam a22001337a 4500
008
181105b xxu||||| |||| 00| 0 eng d
020
_a
9780321842701
041
_a
eng
080
_a
371
100
_a
46
101
_a
EDU
245
_a
College Orientation
_c
Bendersky,K
942
_2
udc
_c
BK
999
_c
51840
_d
51840